000 00742nam a2200205Ia 4500
003 GCL
008 140319s9999 xx 000 0 ara d
040 _aGCL /
_cGCL
082 0 4 _a181
_bع ف
100 1 _aعبدالامير ز. شمس الدين
245 1 0 _aالفكر التربوى عند ابن طفيل فى كتابة حى بن يقظان /
_cعبدالامير ز. شمس الدين
260 _aبيروت :
_bالشركة العالمية للكتاب ش م ل
300 _a173 ص ؛
_c24 سم
490 _aكتاب
_v0
650 0 4 _aالفلسفة الاسلامية
650 0 4 _aابن الطفيل
650 0 4 _aالفلسفة الاسلامية - تراجم
650 0 4 _aحى بن يقظان
942 _2ddc
_cBK
999 _c41660
_d41660